Quick General Knowledge #3 - Statistics

General Stats
  • This quiz has been taken 37 times
  • The average score is 10 of 20
Answer Stats
Hint Answer % Correct
What country's nickname is the boot? Italy
100%
What land animal has the longest gestational period? Elephant
79%
What color bow tie does donald duck wear? Red
75%
Aurora Borealis is also known as what? Northern Lights
71%
What is the rainiest continent in the world? South America
71%
Where is the geyser "Old Faithful" located? Yellowstone
64%
Chicken, Turkey, and Duck are all classified as what kind of food? Poultry
57%
What is the body's heaviest organ? Skin
54%
A parliament is a group of what type of animal? Owl
50%
What is the only planet that spins clockwise? Venus
50%
What is the tallest breed of dog? Great Dane
46%
What is the back of a boat called? Stern
46%
What substance is human nails made from? Keratin
43%
Garbanzo beans are also known as what? Chickpeas
39%
What is the only country named after a woman? St Lucia
36%
What is the name for the study of blood? Hematology
32%
Who was the first president to visit all 50 states? Richard Nixon
29%
What animal has the highest blood pressure? Giraffe
21%
What does the D in DC Comics stand for? Detective
18%
The iPhone standard ringtone is played by what instrument? Marimba
14%
No matching quizzes found
Score Distribution
Percent of People with Each Score
Percentile by Number Answered
Your Score History
You have not taken this quiz